000 00529nam a2200181Ia 4500
008 100920s9999 xx 000 0 und d
082 _b82175
_a891.463.1 न 02
100 _aबनहट्टी अनिरूध्द.
245 _aजादू.
260 _bसंयम पब्लिकेशन, पुणे.
_c2002
300 _a160
_bसाधी
365 _b120
520 _aलघुकथा.
630 _aजादू.
650 _aलघुकथा.
730 _aजादू.
942 _cBOOK
999 _c722903
_d722900